[Event "Challenge"]
[Site "http://www.queenalice.com/game.php?id=251337"]
[Date "2007.8.5"]
[Round "-"]
[White "Lintz"]
[Black "Panzar"]
[Result "0-1"]
[WhiteElo "1834"]
[BlackElo "1580"]

1. e4 c5 2. Nf3 d6 3. Nc3 Nf6 4. d4 cxd4 5. Nxd4 a6 6. h3 e6 7. Nf3 Be7 8. Bd3
Nc6 9. a3 O-O 10. b3 d5 11. e5 Nd7 12. Bf4 b5 13. O-O Nc5 14. Be3 Nxd3 15. Qxd3
Bb7 16. Ne2 Rc8 17. b4 Nb8 18. Nfd4 Qd7 19. Bd2 f6 20. f4 f5 21. Kh2 Rf7 22. Rh1
Bf8 23. c3 Qe8 24. Kg1 Nd7 25. h4 Nb6 26. h5 h6 27. Be3 Nc4 28. Ra2 Rcc7 29. Kf2
Bc8 30. Nb3 Kh8 31. Bc5 Kg8 32. Bxf8 Kxf8 33. Nc5 Qe7 34. Nd4 Kg8 35. Ke1 Kh8
36. a4 bxa4 37. Nxa4 a5 38. bxa5 Nxa5 39. Kf2 Nb7 40. Rc1 Qh4+ 41. Qg3 Qxh5 42.
Nb6 Nc5 43. Qf3 Qh4+ 44. Ke3 Rf8 45. g3 Qe7 46. Ra8 Ne4 47. Kd3 Kg8 48. Rxc8
Rfxc8 49. Nxc8 Rxc8 50. Ne2 Qa3 51. Kc2 Qa2+ 52. Kd1 Qd2# 0-1

[Event "CFC 2nd Annual"]
[Site "http://www.queenalice.com/game.php?id=254498"]
[Date "2007.8.12"]
[Round "1"]
[White "Panzar"]
[Black "Narz"]
[Result "1-0"]
[WhiteElo "1500"]
[BlackElo "1955"]

1. e4 c5 2. Nf3 Nc6 3. Bb5 g6 4. Bxc6 dxc6 5. d3 Bg7 6. h3 e5 7. Be3 Qe7 8. Qd2
Nf6 9. Bh6 O-O 10. Bxg7 Kxg7 11. Nc3 Ne8 12. O-O f6 13. b3 Nc7 14. Qe3 Ne6 15.
Ne2 Nd4 16. Nfxd4 exd4 17. Qg3 f5 18. Rae1 fxe4 19. Nc1 e3 20. fxe3 Rxf1+ 21.
Kxf1 Qf7+ 22. Kg1 Bd7 23. Qe5+ Kg8 24. Rf1 Qd5 25. Qxd5+ cxd5 26. exd4 Rc8 27.
dxc5 Rxc5 28. Rf2 b5 29. b4 Rc3 30. Nb3 Be6 31. Kf1 Bf5 32. Ke1 Be6 33. Kd2 Rc7
34. Nd4 Bd7 35. Rf6 Be8 36. Rd6 Bf7 37. Nxb5 Rb7 38. Rd8+ Kg7 39. Nd6 Rxb4 40.
Rd7 Rf4 41. Ke3 Rf6 42. Ne8+ 1-0

[Event "Challenge"]
[Site "http://www.queenalice.com/game.php?id=257952"]
[Date "2007.8.19"]
[Round "-"]
[White "ig0r"]
[Black "Panzar"]
[Result "0-1"]
[WhiteElo "1520"]
[BlackElo "1812"]

1. e4 c5 2. Bc4 e6 3. Qf3 Nc6 4. c3 Ne5 5. Qe2 Nxc4 6. Qxc4 d5 7. exd5 Qxd5 8.
Qxd5 exd5 9. Nf3 g6 10. O-O Bg7 11. Re1+ Be6 12. d4 cxd4 13. cxd4 Ne7 14. Ng5
Kd7 15. Bf4 Bxd4 16. Nc3 Bxc3 17. bxc3 h6 18. Nxe6 fxe6 19. Rab1 b6 20. Be5 Rh7
21. Red1 Rc8 22. g3 Rc4 23. Rd4 Rxd4 24. cxd4 Nc6 25. f4 Nxe5 26. dxe5 Kc6 27.
Rc1+ Kb7 28. h4 Rc7 29. Rd1 Rc2 30. Ra1 b5 31. a4 b4 32. Rb1 a5 33. g4 Kc6 34.
g5 h5 35. Ra1 b3 36. Kf1 b2 37. Rb1 Rc1+ 38. Rxc1+ bxc1=Q+ 39. Ke2 Qxf4 40. Kd3
Qxh4 41. Ke3 Kc5 42. Kf3 Kd4 43. Ke2 Qg3 44. Kd2 Qf2+ 45. Kc1 Kc3 46. Kb1 Qb2#
0-1

[Event "Challenge"]
[Site "http://www.queenalice.com/game.php?id=258018"]
[Date "2007.8.19"]
[Round "-"]
[White "mogerio"]
[Black "Panzar"]
[Result "0-1"]
[WhiteElo "1340"]
[BlackElo "1500"]

1. e4 c5 2. d4 cxd4 3. Qxd4 Nc6 4. Qd1 Nf6 5. Nc3 e6 6. Nf3 d6 7. e5 dxe5 8. Bc4
Qxd1+ 9. Kxd1 a6 10. Bg5 Be7 11. Kd2 b5 12. Bd3 b4 13. Ne2 Bb7 14. Bxf6 Bxf6 15.
Rhd1 Nd4 16. Nexd4 exd4 17. c3 dxc3+ 18. Ke2 O-O 19. a3 Bxf3+ 20. Kxf3 a5 21.
Re1 cxb2 22. Rab1 bxa3 23. Re3 Rac8 24. Ke2 a2 25. Rxb2 Bxb2 26. Kf3 a1=Q 27.
Kf4 Bc1 28. Kf3 Bxe3 29. fxe3 Rfd8 0-1

[Event "Challenge"]
[Site "http://www.queenalice.com/game.php?id=261708"]
[Date "2007.8.26"]
[Round "-"]
[White "Panzar"]
[Black "averroes02"]
[Result "1-0"]
[WhiteElo "1827"]
[BlackElo "1507"]

1. e4 e6 2. d3 c5 3. Nd2 Nc6 4. Ngf3 d5 5. g3 g6 6. Bg2 Bg7 7. O-O Nge7 8. Re1
h6 9. Rb1 O-O 10. c3 d4 11. c4 e5 12. Nh4 g5 13. Nhf3 Qd6 14. a3 a6 15. Kh1 Bd7
16. Kg1 f5 17. exf5 1-0

[Event "Challenge"]
[Site "http://www.queenalice.com/game.php?id=265597"]
[Date "2007.9.2"]
[Round "-"]
[White "MHP20000"]
[Black "Panzar"]
[Result "0-1"]
[WhiteElo "1643"]
[BlackElo "1834"]

1. e4 c5 2. Nc3 Nc6 3. Bc4 e6 4. Nf3 a6 5. O-O b5 6. Be2 Bb7 7. d4 cxd4 8. Nxd4
Bc5 9. Nxc6 dxc6 10. Bd3 Ba7 11. Qg4 Bd4 12. Bf4 g6 13. Rad1 Qf6 14. Rfe1 e5 15.
Bg3 Ne7 16. Ne2 Bxb2 17. c3 Bc8 18. Qh4 g5 19. Qh5 Ba3 20. Bc2 Be6 21. Bb3 Bxb3
22. Rd3 Bc4 23. Rf3 Qg6 24. Qxg6 Nxg6 25. h3 Rd8 26. Rf6 Be6 27. Rf3 Bc5 28. Ra1
Rd2 29. Nc1 Rd1+ 30. Kh2 Ba3 31. Nb3 Bxb3 32. Rxd1 Bxd1 33. Rd3 Be2 34. Rd2 Bc4
35. f3 Ke7 36. Rd1 Rd8 37. Re1 Nf4 38. Bxf4 exf4 39. Rg1 Rd2 40. Ra1 Rxa2 41.
Re1 a5 42. Rd1 Rc2 43. Ra1 Rxc3 44. Rd1 a4 45. Ra1 Bb2 0-1

[Event "Challenge22"]
[Site "http://www.queenalice.com/game.php?id=266308"]
[Date "2007.9.3"]
[Round "-"]
[White "alecarbar"]
[Black "Panzar"]
[Result "0-1"]
[WhiteElo "1285"]
[BlackElo "1812"]

1. e4 c5 2. Bc4 e6 3. f3 Nc6 4. c3 d5 5. exd5 exd5 6. Bd3 Nf6 7. f4 Bd6 8. g3 d4
9. cxd4 Nxd4 10. a3 b6 11. b4 Bb7 12. Ne2 Bxh1 13. Nxd4 cxd4 14. Bb2 O-O 15.
Bxd4 Re8+ 16. Kf1 Be4 17. Bxe4 Nxe4 18. Nc3 Bxb4 19. Nxe4 Qxd4 20. Rc1 Qxe4 21.
axb4 Qh1+ 22. Kf2 Qxh2+ 23. Kf1 Qxg3 24. d4 Qxf4+ 25. Kg1 Re6 26. Qf1 Rg6+ 27.
Qg2 Qxc1+ 28. Kf2 Qd2+ 29. Kf3 Qxg2+ 30. Kf4 Re8 31. d5 Qf1# 0-1

[Event "Challenge"]
[Site "http://www.queenalice.com/game.php?id=271762"]
[Date "2007.9.14"]
[Round "-"]
[White "Panzar"]
[Black "Lintz"]
[Result "1-0"]
[WhiteElo "1744"]
[BlackElo "1687"]

1. e4 c5 2. d4 cxd4 3. c3 dxc3 4. Nxc3 e5 5. Nf3 d6 6. Bc4 h6 7. Bxf7+ Kxf7 8.
Nxe5+ Ke6 9. Qd5+ Kf6 10. Qf7+ Kxe5 11. f4+ Kd4 12. Qd5# 1-0

[Event "Challenge"]
[Site "http://www.queenalice.com/game.php?id=273002"]
[Date "2007.9.17"]
[Round "-"]
[White "Panzar"]
[Black "Lintz"]
[Result "0-1"]
[WhiteElo "1828"]
[BlackElo "1633"]

1. e4 Nf6 2. d3 Nc6 3. Nf3 e5 4. g3 d6 5. Bg2 Bg4 6. O-O Qc8 7. Be3 Be7 8. Nc3
a6 9. Qd2 h6 10. Nd5 Qd7 11. h3 Bh5 12. Nh4 Nxd5 13. exd5 Na7 14. Nf3 Bxf3 15.
Bxa7 Bxg2 0-1

[Event "Challenge"]
[Site "http://www.queenalice.com/game.php?id=273838"]
[Date "2007.9.19"]
[Round "-"]
[White "Panzar"]
[Black "Nyvang"]
[Result "1-0"]
[WhiteElo "1753"]
[BlackElo "1715"]

1. e4 e5 2. Nf3 d6 3. d4 Bg4 4. dxe5 Bxf3 5. Qxf3 dxe5 6. Bc4 Qf6 7. Qb3 b6 8.
Nc3 Bc5 9. O-O c6 10. Be3 Nd7 11. Na4 Rb8 12. Nxc5 bxc5 13. Qa3 Ne7 14. Bxc5
Nxc5 15. Qxc5 O-O 16. Qxa7 Rxb2 17. Bb3 Qd6 18. Rfd1 Qb4 19. a3 Qc3 20. Qxe7 c5
21. Bxf7+ 1-0

[Event "Challenge"]
[Site "http://www.queenalice.com/game.php?id=276797"]
[Date "2007.9.25"]
[Round "-"]
[White "Panzar"]
[Black "Nyvang"]
[Result "1-0"]
[WhiteElo "1793"]
[BlackElo "1729"]

1. e4 g6 2. d4 Bg7 3. Nf3 Nf6 4. e5 Nd5 5. Bc4 Nb6 6. Bb3 d5 7. exd6 Qxd6 8. O-O
O-O 9. Be3 Nd5 10. c3 e5 11. dxe5 Bxe5 12. Qxd5 c6 13. Qxe5 Qxe5 14. Nxe5 a5 15.
a3 Na6 16. Bh6 Rd8 17. Nxf7 1-0

[Event "Board 3, Div E"]
[Site "http://www.queenalice.com/game.php?id=301241"]
[Date "2007.11.9"]
[Round "1"]
[White "Panzar"]
[Black "eagacunha"]
[Result "0-1"]
[WhiteElo "1850"]
[BlackElo "2447"]

1. e4 c5 2. Nf3 d6 3. d4 cxd4 4. Qxd4 Bd7 5. c4 Nc6 6. Qd2 g6 7. Be2 Bg7 8. O-O
Nf6 9. Nc3 O-O 10. Rb1 a6 11. b3 Qa5 12. Bb2 Rac8 13. Rfd1 Rfd8 14. h3 Qc5 15.
Qe3 Qxe3 16. fxe3 Bh6 17. Kf2 Be6 18. Nd4 Bd7 19. Nf3 Bg7 20. Rd2 h6 21. Rbd1
Kh7 22. Bd3 Be6 23. Bb1 Nd7 24. Nd4 Nc5 25. Nd5 Re8 26. Kg1 Ne5 27. Rf1 Bd7 28.
Nb6 Rcd8 29. Nxd7 Ncxd7 30. Nf3 Kg8 31. Nxe5 Bxe5 32. Bxe5 Nxe5 33. Rfd1 Rc8 34.
Bd3 f6 35. Be2 Kf7 36. g4 g5 37. Kg2 Rc5 38. Rd5 Rec8 39. Rxc5 Rxc5 40. Rd5 Ke6
41. Rxc5 dxc5 42. Kf2 Nc6 43. Bd3 Na5 44. Ke2 Kd6 45. Kd2 Ke5 46. Kc3 b6 47. Kd2
Nb7 48. Ke2 Nd6 49. Kf3 b5 50. cxb5 axb5 51. a3 e6 52. Ke2 Nxe4 53. Bxe4 Kxe4
54. a4 b4 55. Kd2 f5 56. a5 Kd5 57. Kd3 Kc6 0-1

[Event "Board 3, Div E"]
[Site "http://www.queenalice.com/game.php?id=330661"]
[Date "2008.1.4"]
[Round "2"]
[White "mitsho"]
[Black "Panzar"]
[Result "0-1"]
[WhiteElo "1604"]
[BlackElo "1861"]

1. d4 d5 2. c4 e6 3. Nc3 Nf6 4. Bg5 Be7 5. Nf3 h6 6. Bh4 O-O 7. e3 Ne4 8. Bxe7
Qxe7 9. cxd5 Nxc3 10. bxc3 exd5 11. Qb3 Qd6 12. Bd3 b6 13. O-O c5 14. Qc2 Nd7
15. Rfe1 Nf6 16. e4 dxe4 17. Bxe4 Nxe4 18. Rxe4 Bf5 0-1

[Event "Challenge"]
[Site "http://www.queenalice.com/game.php?id=332767"]
[Date "2008.1.8"]
[Round "-"]
[White "BraulioFerreira"]
[Black "Panzar"]
[Result "0-1"]
[WhiteElo "1681"]
[BlackElo "1869"]

1. e4 e6 2. d4 d5 3. Nc3 Nf6 4. e5 Nfd7 5. f4 c5 6. Nf3 Nc6 7. Bb5 cxd4 8. Nxd4
Nxd4 9. Qxd4 a6 10. Bd3 Bc5 11. Qa4 b5 12. Qb3 Bb7 13. f5 Nxe5 14. a4 Nxd3+ 15.
cxd3 b4 16. Nd1 a5 17. Be3 Bxe3 18. Nxe3 O-O 19. O-O exf5 20. Rxf5 Qb6 21. Re5
Rfe8 22. Rxe8+ Rxe8 23. Re1 Rxe3 24. Rxe3 Qxe3+ 25. Kf1 Ba6 26. Qc2 Bxd3+ 0-1

[Event "Board 3, Div E"]
[Site "http://www.queenalice.com/game.php?id=382430"]
[Date "2008.4.5"]
[Round "3"]
[White "Panzar"]
[Black "bg"]
[Result "1-0"]
[WhiteElo "1892"]
[BlackElo "1771"]

1. e4 e5 2. Nf3 Nc6 3. Bb5 d6 4. d4 Bd7 5. dxe5 Nxe5 6. Bxd7+ Nxd7 7. O-O g6 8.
Bg5 Ngf6 9. Nc3 Bg7 10. Re1 O-O 11. e5 dxe5 12. Nxe5 Nxe5 13. Rxe5 Qxd1+ 14.
Rxd1 Ng4 15. Re7 Rac8 16. Bf4 f5 17. Rdd7 Bxc3 18. bxc3 Nf6 19. Rg7+ Kh8 20.
Rxc7 Rxc7 21. Rxc7 Nd5 22. Be5+ Nf6 23. Rxb7 Kg8 24. Rxa7 Re8 25. f4 Nd5 26.
Rg7+ Kf8 27. Rxh7 Rc8 28. Rh8+ 1-0